000 00628nam a2200229Ia 4500
003 OSt
005 20221007070838.0
006 a|||||r|||| 00| 0
007 ta
008 221006b |||||||| |||| 00| 0 eng d
024 _a15,650
037 _cTextual
040 _aFLL
_cFLL
_beng
041 _2eng
_aeng
082 _aX6:Z235g, L4
100 _aSethi Krishanlal
_9687815
245 0 _aCommentary on madhya Pradesh financial code
260 _aIndore
_bThe Lawyers Home India
_c1974
300 _axxiv,312p
_ccm.
942 _hX6:Z235g, L4
_cTEXL
_2CC
999 _c1141707
_d1141707